[Event "24th NATO Chess Championship"]
[Site "Rynia"]
[Date "2013.08.16"]
[Round "7.2"]
[White "Bielawski, Michal"]
[Black "Helbig, Mark"]
[Result "1/2-1/2"]
[WhiteElo "2026"]
[BlackElo "2282"]
[PlyCount "23"]
[EventDate "2013.08.??"]
[EventType "swiss"]
[EventRounds "7"]
[EventCountry "POL"]
[WhiteTeam "POL"]
[BlackTeam "GER"]
[WhiteTeamCountry "POL"]
[BlackTeamCountry "GER"]

1. d4 Nf6 2. Nf3 e6 3. c4 b6 4. g3 Ba6 5. Qa4 c5 6. dxc5 Bxc5 7. Bg2 Bb7 8. O-O
O-O 9. Nc3 Ne4 10. Nxe4 Bxe4 11. Bf4 Qc8 12. Rac1 1/2-1/2

[Event "24th NATO Chess Championship"]
[Site "Rynia"]
[Date "2013.08.16"]
[Round "7.3"]
[White "Pedersen, Finn"]
[Black "Van Rijn, Wouter"]
[Result "1-0"]
[WhiteElo "2303"]
[BlackElo "2216"]
[PlyCount "87"]
[EventDate "2013.08.??"]
[EventType "swiss"]
[EventRounds "7"]
[EventCountry "POL"]
[WhiteTeam "DEN"]
[BlackTeam "NED"]
[WhiteTeamCountry "DEN"]
[BlackTeamCountry "NED"]

1. Nf3 Nf6 2. c4 e6 3. d4 d5 4. Bg5 Be7 5. e3 O-O 6. Nc3 a6 7. a3 dxc4 8. Bxc4
b5 9. Bd3 Bb7 10. O-O Nbd7 11. b4 h6 12. Bh4 c6 13. Qb3 a5 14. h3 g5 15. Bg3
Nd5 16. Nxd5 exd5 17. Bf5 Nb6 18. Ne5 Nc4 19. Qd3 Kg7 20. bxa5 Qxa5 21. Nd7
Rfe8 22. Be5+ Nxe5 23. Nxe5 Bxa3 24. Bd7 b4 25. Qf5 Rf8 26. f4 Qd8 27. Bxc6
Bxc6 28. Nxc6 Qd6 29. Ne5 Qe6 30. Qb1 f5 31. fxg5 hxg5 32. Ra2 Rac8 33. Raf2 f4
34. exf4 Rxf4 35. Rxf4 gxf4 36. Kh2 Rf8 37. Qc2 Kh6 38. Qc5 Qg8 39. Ng4+ Kh5
40. Re1 Rf5 41. Qd6 Qf8 42. Re7 Rf7 43. Re5+ Kh4 44. Qg6 1-0

[Event "24th NATO Chess Championship"]
[Site "Rynia"]
[Date "2013.08.16"]
[Round "7.4"]
[White "Jauk, Wilhelm"]
[Black "Picart, Laurent"]
[Result "1/2-1/2"]
[WhiteElo "2172"]
[BlackElo "2109"]
[PlyCount "163"]
[EventDate "2013.08.??"]
[EventType "swiss"]
[EventRounds "7"]
[EventCountry "POL"]
[WhiteTeam "GER"]
[BlackTeam "FRA"]
[WhiteTeamCountry "GER"]
[BlackTeamCountry "FRA"]

1. d4 Nf6 2. Nf3 d5 3. c4 e6 4. Nc3 Be7 5. e3 O-O 6. Bd3 b6 7. O-O Bb7 8. Qc2
dxc4 9. Bxc4 Nbd7 10. e4 c5 11. d5 e5 12. Rd1 Bd6 13. a4 a6 14. h3 Nh5 15. g3
Re8 16. b3 Ndf6 17. Bb2 Bc8 18. Kg2 Qd7 19. Rh1 Qb7 20. Ne2 g6 21. Nc3 Bd7 22.
Qe2 Re7 23. Bc1 Ne8 24. Ng5 Nc7 25. Bd2 Rae8 26. Nf3 f6 27. Nh4 b5 28. Bd3 Kh8
29. Kh2 Rf7 30. Ng2 Ng7 31. Ra2 b4 32. Nd1 f5 33. Nde3 fxe4 34. Bxe4 Ref8 35.
f3 Nf5 36. Nc4 Ne8 37. Rf1 Nd4 38. Qd3 Bf5 39. Bh6 Bxe4 40. Qxe4 Nf6 41. Nxd6
Nxe4 42. Nxb7 Rb8 43. Ne3 Nc3 44. Nxc5 Nxa2 45. Nc4 Rxf3 46. Rxf3 Nxf3+ 47. Kg2
Nd4 48. d6 Nc3 49. Nxe5 Nf5 50. d7 Nxh6 51. Nc6 Ra8 52. d8=Q+ Rxd8 53. Nxd8 a5
54. Nc6 Nf5 55. Nxa5 Nd4 56. Kf2 Nd5 57. Nc4 Kg7 58. a5 Kf6 59. a6 Nb5 60. Kf3
h5 61. Ke4 Ndc3+ 62. Kd3 Nd5 63. Na5 Ke5 64. Nc6+ Kd6 65. Nd4 Kxc5 66. Ne6+ Kd6
67. Nf8 g5 68. Nh7 g4 69. hxg4 hxg4 70. Ng5 Ndc7 71. Kc4 Kc6 72. Kxb4 Nxa6+ 73.
Kc4 Nd6+ 74. Kd4 Nf5+ 75. Ke4 Nh6 76. Kf4 Nc5 77. Nh7 Ne6+ 78. Ke5 Nc5 79. b4
Nd3+ 80. Ke4 Nxb4 81. Kf4 Nd5+ 82. Kg5 1/2-1/2

[Event "24th NATO Chess Championship"]
[Site "Rynia"]
[Date "2013.08.16"]
[Round "7.5"]
[White "Bohn, Ulrich"]
[Black "Vuitton, Gilles"]
[Result "1/2-1/2"]
[WhiteElo "2175"]
[BlackElo "2093"]
[PlyCount "27"]
[EventDate "2013.08.??"]
[EventType "swiss"]
[EventRounds "7"]
[EventCountry "POL"]
[WhiteTeam "GER"]
[BlackTeam "FRA"]
[WhiteTeamCountry "GER"]
[BlackTeamCountry "FRA"]

1. e4 e5 2. Nf3 Nc6 3. d4 exd4 4. Nxd4 Nf6 5. Nxc6 bxc6 6. e5 Qe7 7. Qe2 Nd5 8.
c4 Nb6 9. g3 Qe6 10. b3 Bb4+ 11. Bd2 a5 12. Bg2 O-O 13. O-O f6 14. Re1 1/2-1/2

[Event "24th NATO Chess Championship"]
[Site "Rynia"]
[Date "2013.08.16"]
[Round "7.6"]
[White "Aagaard, Gert"]
[Black "Alaslar, Devrim"]
[Result "1/2-1/2"]
[WhiteElo "2067"]
[BlackElo "2145"]
[PlyCount "46"]
[EventDate "2013.08.??"]
[EventType "swiss"]
[EventRounds "7"]
[EventCountry "POL"]
[WhiteTeam "DEN"]
[BlackTeam "TUR"]
[WhiteTeamCountry "DEN"]
[BlackTeamCountry "TUR"]

1. d4 f5 2. g3 Nf6 3. Bg2 g6 4. Bg5 Bg7 5. Bxf6 Bxf6 6. c3 Nc6 7. f4 e6 8. Nd2
d6 9. Qb3 a5 10. a4 O-O 11. Ngf3 Kg7 12. O-O e5 13. d5 Ne7 14. e3 c6 15. dxc6
bxc6 16. fxe5 dxe5 17. e4 Ba6 18. Rfd1 Rb8 19. Qe6 Qb6+ 20. Kh1 Bc8 21. Qc4 Ba6
22. Qe6 Bc8 23. Qc4 Ba6 1/2-1/2

[Event "24th NATO Chess Championship"]
[Site "Rynia"]
[Date "2013.08.16"]
[Round "7.8"]
[White "Narman, Gokhan"]
[Black "Ranario, Dan"]
[Result "0-1"]
[WhiteElo "2102"]
[BlackElo "2062"]
[PlyCount "100"]
[EventDate "2013.08.??"]
[EventType "swiss"]
[EventRounds "7"]
[EventCountry "POL"]
[WhiteTeam "TUR"]
[BlackTeam "USA"]
[WhiteTeamCountry "TUR"]
[BlackTeamCountry "USA"]

1. d4 Nf6 2. c4 g6 3. Nc3 d5 4. cxd5 Nxd5 5. e4 Nxc3 6. bxc3 Bg7 7. Be3 O-O 8.
Qd2 e5 9. d5 c6 10. c4 f5 11. Bd3 b6 12. Bg5 Qd6 13. Rc1 Na6 14. f3 Nc5 15. Ne2
cxd5 16. cxd5 fxe4 17. Bxe4 Nxe4 18. fxe4 Bd7 19. h4 Rf7 20. Rf1 Raf8 21. Rxf7
Rxf7 22. Ng1 h6 23. Be3 Kh7 24. Nf3 Bb5 25. Rb1 Bc4 26. Qb4 Qc7 27. Rc1 b5 28.
a4 a6 29. axb5 axb5 30. Rd1 Qd7 31. Qb2 Qg4 32. d6 Qxe4 33. Qc3 Qg4 34. Qd2
Qxh4+ 35. Qf2 Qd8 36. Ng5+ hxg5 37. Bb6 Qd7 38. Qc5 Qg4 39. Kd2 Qxg2+ 40. Kc1
e4 41. Qb4 Rf1 42. Qd2 Qxd2+ 43. Kxd2 Rxd1+ 44. Kxd1 Be6 45. Bc5 g4 46. Ke2 Bh6
47. Bb4 Bf4 48. Kf2 Kg8 49. Ba5 Bxd6 50. Ke3 Bf5 0-1

[Event "24th NATO Chess Championship"]
[Site "Rynia"]
[Date "2013.08.16"]
[Round "7.10"]
[White "Voroblievas, Arturas"]
[Black "Van Run, Rieke"]
[Result "1/2-1/2"]
[WhiteElo "1857"]
[BlackElo "2097"]
[PlyCount "54"]
[EventDate "2013.08.??"]
[EventType "swiss"]
[EventRounds "7"]
[EventCountry "POL"]
[WhiteTeam "LTU"]
[BlackTeam "NED"]
[WhiteTeamCountry "LTU"]
[BlackTeamCountry "NED"]

1. e4 e5 2. Nf3 Nc6 3. Bb5 a6 4. Ba4 Nf6 5. O-O b5 6. Bb3 Be7 7. Re1 d6 8. c3
Na5 9. Bc2 c5 10. a4 Bb7 11. d4 Qc7 12. axb5 axb5 13. d5 O-O 14. Nbd2 Rfc8 15.
Nf1 b4 16. Ng3 Nc4 17. Rxa8 Rxa8 18. Bd3 Nb6 19. cxb4 cxb4 20. Bd2 Nbd7 21.
Bxb4 Qb6 22. Ba3 Rc8 23. Nf5 Bf8 24. h3 Nh5 25. g3 Nc5 26. Bf1 g6 27. Bxc5 Rxc5
1/2-1/2

[Event "24th NATO Chess Championship"]
[Site "Rynia"]
[Date "2013.08.16"]
[Round "7.11"]
[White "Wagenaar, Harm Theo"]
[Black "Rosenkilde, Alexander"]
[Result "1/2-1/2"]
[WhiteElo "2054"]
[BlackElo "2262"]
[PlyCount "92"]
[EventDate "2013.08.??"]
[EventType "swiss"]
[EventRounds "7"]
[EventCountry "POL"]
[WhiteTeam "NATO"]
[BlackTeam "DEN"]
[BlackTeamCountry "DEN"]

1. d4 Nf6 2. Nf3 e6 3. e3 c5 4. Bd3 d5 5. c3 b6 6. Nbd2 Bb7 7. O-O Nbd7 8. Ne5
Bd6 9. f4 O-O 10. Qf3 Ne8 11. g4 g6 12. g5 Nxe5 13. dxe5 Be7 14. h4 Ng7 15. Rf2
d4 16. e4 dxc3 17. bxc3 Qd7 18. Nf1 Rfd8 19. Bc2 c4 20. Qh3 b5 21. Be3 Nh5 22.
Ng3 Nxg3 23. Qxg3 Qc6 24. Qh3 Bc5 25. Re1 Rd7 26. h5 Bxe3 27. Rxe3 Rad8 28.
hxg6 fxg6 29. Ree2 Qb6 30. Kf1 Rd3 31. Bxd3 cxd3 32. Rd2 Bxe4 33. Rh2 Rd7 34.
Qg3 Qc5 35. Qe1 Bf5 36. Rb2 Bg4 37. Qd2 a5 38. Rb1 Qc4 39. Rb2 Be2+ 40. Ke1 Qe4
41. Rxb5 Qf3 42. Rxe2 Qh1+ 43. Kf2 Qh2+ 44. Kf3 Qh3+ 45. Kf2 Qh2+ 46. Kf3 Qh3+
1/2-1/2

[Event "24th NATO Chess Championship"]
[Site "Rynia"]
[Date "2013.08.16"]
[Round "7.13"]
[White "De Cat, Ben"]
[Black "Papista, Akos"]
[Result "1/2-1/2"]
[WhiteElo "1914"]
[BlackElo "2173"]
[PlyCount "38"]
[EventDate "2013.08.??"]
[EventType "swiss"]
[EventRounds "7"]
[EventCountry "POL"]
[WhiteTeam "BEL"]
[BlackTeam "HUN"]
[WhiteTeamCountry "BEL"]
[BlackTeamCountry "HUN"]

1. e4 e5 2. Nf3 d6 3. d3 Nc6 4. c3 g6 5. Be2 Bg7 6. Nbd2 Nge7 7. b4 a6 8. Bb2
O-O 9. a4 h6 10. b5 Na5 11. O-O f5 12. d4 fxe4 13. Nxe4 Bf5 14. Nfd2 d5 15. Nc5
axb5 16. axb5 b6 17. Ncb3 Nb7 18. dxe5 Bxe5 19. Nf3 Bf6 1/2-1/2

[Event "24th NATO Chess Championship"]
[Site "Rynia"]
[Date "2013.08.16"]
[Round "7.14"]
[White "Onley, David"]
[Black "Skwarczynski, Marcin"]
[Result "1-0"]
[WhiteElo "2103"]
[BlackElo "2014"]
[PlyCount "41"]
[EventDate "2013.08.??"]
[EventType "swiss"]
[EventRounds "7"]
[EventCountry "POL"]
[WhiteTeam "ENG"]
[BlackTeam "NATO"]
[WhiteTeamCountry "ENG"]

1. e4 Nf6 2. Nc3 e5 3. Nf3 Bb4 4. Bc4 Nc6 5. O-O O-O 6. d4 exd4 7. Nxd4 Bxc3 8.
bxc3 Nxe4 9. Qh5 d5 10. Bd3 Nxd4 11. cxd4 c6 12. f3 Nf6 13. Qh4 Re8 14. Bf4 Be6
15. Rae1 Qd7 16. Re5 Kf8 17. Rg5 Ng8 18. Qg3 f6 19. Bd6+ Re7 20. Rxg7 Qxd6 21.
Rxg8+ 1-0

[Event "24th NATO Chess Championship"]
[Site "Rynia"]
[Date "2013.08.16"]
[Round "7.15"]
[White "Cheung, Jan W"]
[Black "Graczyk, Damian"]
[Result "1/2-1/2"]
[WhiteElo "2093"]
[BlackElo "1991"]
[PlyCount "47"]
[EventDate "2013.08.??"]
[EventType "swiss"]
[EventRounds "7"]
[EventCountry "POL"]
[WhiteTeam "NED"]
[BlackTeam "POL"]
[WhiteTeamCountry "NED"]
[BlackTeamCountry "POL"]

1. d4 Nf6 2. c4 e6 3. Nf3 Bb4+ 4. Bd2 a5 5. g3 b6 6. Bg2 Bb7 7. O-O O-O 8. Bg5
Be7 9. Nc3 Ne4 10. Nxe4 Bxe4 11. Bxe7 Qxe7 12. Qc1 d6 13. Qe3 Bb7 14. d5 e5 15.
Nd4 Qd7 16. Nc2 Na6 17. Qc3 f5 18. e3 Rae8 19. b3 Nc5 20. a3 Ne4 21. Qd3 Nc5
22. Qc3 Ne4 23. Qd3 Nc5 24. Qc3 1/2-1/2

[Event "24th NATO Chess Championship"]
[Site "Rynia"]
[Date "2013.08.16"]
[Round "7.16"]
[White "Nielsen, Jan Mose"]
[Black "Sycz, Dariusz"]
[Result "1/2-1/2"]
[WhiteElo "2081"]
[BlackElo "2020"]
[PlyCount "78"]
[EventDate "2013.08.??"]
[EventType "swiss"]
[EventRounds "7"]
[EventCountry "POL"]
[WhiteTeam "DEN"]
[BlackTeam "POL"]
[WhiteTeamCountry "DEN"]
[BlackTeamCountry "POL"]

1. e4 e5 2. Nf3 Nc6 3. d4 exd4 4. Nxd4 Bc5 5. Nxc6 bxc6 6. Bc4 Qh4 7. Qe2 Nf6
8. Nc3 O-O 9. g3 Qh3 10. Bd2 d5 11. Bd3 Ng4 12. f3 Bf2+ 13. Kd1 d4 14. Na4 Bxg3
15. Kc1 Nf2 16. Rf1 Qxh2 17. Kb1 Nxd3 18. Qxd3 Bh3 19. Rd1 Be6 20. b3 Rab8 21.
Kb2 Bf4 22. Bxf4 Qxf4 23. Rh1 Rbd8 24. Rag1 g6 25. Kb1 Qe3 26. Qxe3 dxe3 27.
Re1 f5 28. Nc5 Bc8 29. Rxe3 fxe4 30. Nxe4 Bf5 31. Ng5 Rd7 32. f4 Rfd8 33. Kb2
h5 34. Rhe1 Kf8 35. Nf3 c5 36. Re5 Rd5 37. Re7 R5d7 38. R7e5 Rd5 39. Re7 R5d7
1/2-1/2

[Event "24th NATO Chess Championship"]
[Site "Rynia"]
[Date "2013.08.16"]
[Round "7.17"]
[White "Ergonen, Arda"]
[Black "Keough, Robert W"]
[Result "1-0"]
[WhiteElo "2022"]
[BlackElo "2077"]
[PlyCount "81"]
[EventDate "2013.08.??"]
[EventType "swiss"]
[EventRounds "7"]
[EventCountry "POL"]
[WhiteTeam "TUR"]
[BlackTeam "USA"]
[WhiteTeamCountry "TUR"]
[BlackTeamCountry "USA"]

1. e4 c5 2. Nf3 e6 3. d4 cxd4 4. Nxd4 a6 5. Bd3 Nf6 6. Qe2 Qb6 7. Nb3 d5 8. e5
Nfd7 9. Be3 Qc7 10. f4 Nc6 11. c3 b5 12. N1d2 Nb6 13. Nd4 Nc4 14. Nxc4 bxc4 15.
Bc2 Nxd4 16. Bxd4 Bc5 17. Qf2 Bxd4 18. Qxd4 Qa7 19. Qxa7 Rxa7 20. Kd2 O-O 21.
Ke3 f6 22. Kd4 Raf7 23. g3 Rb7 24. b3 Bd7 25. b4 a5 26. a3 Ra8 27. Rhb1 axb4
28. axb4 Rba7 29. Rxa7 Rxa7 30. Rb2 Kf7 31. b5 f5 32. b6 Rb7 33. Kc5 Ke7 34.
Ra2 Rb8 35. Ra7 Kd8 36. Ba4 Rc8+ 37. Kd6 Bxa4 38. Rxa4 Rb8 39. b7 d4 40. Ra8
dxc3 41. Rxb8# 1-0

[Event "24th NATO Chess Championship"]
[Site "Rynia"]
[Date "2013.08.16"]
[Round "7.18"]
[White "Waruga, Wojciech"]
[Black "Tucker, David Sidney"]
[Result "1/2-1/2"]
[WhiteElo "2008"]
[BlackElo "2069"]
[PlyCount "138"]
[EventDate "2013.08.??"]
[EventType "swiss"]
[EventRounds "7"]
[EventCountry "POL"]
[WhiteTeam "NATO"]
[BlackTeam "ENG"]
[BlackTeamCountry "ENG"]

1. Nc3 c5 2. e4 e6 3. f4 Nc6 4. Nf3 a6 5. a3 d5 6. e5 Nh6 7. Ne2 Qb6 8. d3 Be7
9. c3 Bd7 10. Ng3 g6 11. Qc2 Nf5 12. Nxf5 gxf5 13. Be3 d4 14. Bf2 Rc8 15. c4
Rg8 16. Rg1 Qa5+ 17. Qd2 b5 18. Be2 bxc4 19. dxc4 Rb8 20. O-O-O Qb6 21. Qc2 Na5
22. Nd2 Bc6 23. Bf3 Bd7 24. Rde1 Kd8 25. Kb1 Ba4 26. Qc1 Nb3 27. Nxb3 Qxb3 28.
Ka1 Qb6 29. Bd1 Bc6 30. g4 fxg4 31. Rxg4 Rxg4 32. Bxg4 Qb3 33. f5 Kd7 34. f6
Bf8 35. Bd1 Qb7 36. Qc2 Bh6 37. Bh5 Ke8 38. Rg1 Kf8 39. b4 Be4 40. Qa4 Bg6 41.
Bxg6 hxg6 42. Qb3 Ke8 43. Qa4+ Kd8 44. Qa5+ Kd7 45. Qxc5 Ke8 46. Qxd4 Rd8 47.
Qa7 Qxa7 48. Bxa7 Bf4 49. Re1 Bxh2 50. Kb2 Bf4 51. Re2 g5 52. a4 Kd7 53. Bc5
Kc6 54. Bd6 Rh8 55. b5+ axb5 56. axb5+ Kb6 57. Kc3 Rh2 58. Rxh2 Bxh2 59. Kd4
Bg1+ 60. Ke4 Bf2 61. Kf3 Be1 62. Be7 Bd2 63. Kg4 Be3 64. Kh5 Bf4 65. Bd6 Be3
66. Bf8 Bf4 67. Bh6 Bxe5 68. Bxg5 Kc5 69. Kh6 Kxc4 1/2-1/2

[Event "24th NATO Chess Championship"]
[Site "Rynia"]
[Date "2013.08.16"]
[Round "7.19"]
[White "Karbowiak, Adam"]
[Black "Demjen, Attila"]
[Result "1-0"]
[WhiteElo "2167"]
[BlackElo "2013"]
[PlyCount "67"]
[EventDate "2013.08.??"]
[EventType "swiss"]
[EventRounds "7"]
[EventCountry "POL"]
[WhiteTeam "POL"]
[BlackTeam "HUN"]
[WhiteTeamCountry "POL"]
[BlackTeamCountry "HUN"]

1. Nf3 Nf6 2. g3 g6 3. b4 Bg7 4. Bb2 O-O 5. c4 d6 6. d3 Bg4 7. Nbd2 Qc8 8. Bg2
Bh3 9. O-O Bxg2 10. Kxg2 Nh5 11. Bxg7 Nxg7 12. d4 Nd7 13. Qb3 e5 14. c5 dxc5
15. dxc5 Qe8 16. Rac1 Nf6 17. Qb2 Nd7 18. Qb3 c6 19. Ne4 Qe6 20. Rfd1 Rad8 21.
Qxe6 fxe6 22. Rd6 Nf5 23. Rxe6 Nd4 24. Nxd4 exd4 25. Rd1 Nb8 26. Nd6 Na6 27.
Rxd4 Nc7 28. Re7 Nd5 29. Rxb7 a5 30. b5 Nc3 31. bxc6 Nxe2 32. Rh4 h5 33. Re4
Nc3 34. Ree7 1-0

[Event "24th NATO Chess Championship"]
[Site "Rynia"]
[Date "2013.08.16"]
[Round "7.20"]
[White "Michalski, Daniel"]
[Black "Leveillee, Philippe"]
[Result "1-0"]
[WhiteElo "2150"]
[BlackElo "1852"]
[PlyCount "61"]
[EventDate "2013.08.??"]
[EventType "swiss"]
[EventRounds "7"]
[EventCountry "POL"]
[WhiteTeam "POL"]
[BlackTeam "CAN"]
[WhiteTeamCountry "POL"]
[BlackTeamCountry "CAN"]

1. d4 d5 2. Nf3 Nf6 3. c4 e6 4. g3 Be7 5. Bg2 O-O 6. O-O c6 7. Qc2 Nbd7 8. Bf4
dxc4 9. Qxc4 Nd5 10. Bd2 c5 11. e4 N5b6 12. Qe2 cxd4 13. Nxd4 e5 14. Nf5 Re8
15. Nxe7+ Qxe7 16. Nc3 Nf6 17. Rfd1 Be6 18. b3 h6 19. Rac1 Red8 20. Nb5 Rac8
21. Be3 Rxd1+ 22. Rxd1 Nfd7 23. Nxa7 Ra8 24. Nb5 Nc5 25. Nc3 Qc7 26. Nd5 Bxd5
27. exd5 Ncd7 28. d6 Qb8 29. Bxb6 Nxb6 30. Qxe5 Rxa2 31. d7 1-0

[Event "24th NATO Chess Championship"]
[Site "Rynia"]
[Date "2013.08.16"]
[Round "7.21"]
[White "De Waard, Marco"]
[Black "Bublys, Vaidotas"]
[Result "1/2-1/2"]
[WhiteElo "2098"]
[BlackElo "1822"]
[PlyCount "80"]
[EventDate "2013.08.??"]
[EventType "swiss"]
[EventRounds "7"]
[EventCountry "POL"]
[WhiteTeam "NED"]
[BlackTeam "LTU"]
[WhiteTeamCountry "NED"]
[BlackTeamCountry "LTU"]

1. d4 d5 2. c4 e6 3. Nf3 Nf6 4. Nc3 c6 5. Bg5 Be7 6. e3 Nbd7 7. Bd3 dxc4 8.
Bxc4 h6 9. Bh4 O-O 10. O-O b5 11. Bd3 Bb7 12. Rc1 Nd5 13. Bxe7 Qxe7 14. Ne4
Rac8 15. Nc5 Nxc5 16. Rxc5 Nf6 17. Ne5 Rfd8 18. Qc2 Qe8 19. Rc1 Rd6 20. Bxb5
cxb5 21. Rxc8 Bxc8 22. Qxc8 Rd8 23. Qc6 Qxc6 24. Rxc6 Nd7 25. Nxd7 Rxd7 26.
Rc8+ Kh7 27. Kf1 Kg6 28. Ke2 Rd6 29. Rc5 a6 30. Kd3 Kf6 31. Kc3 g5 32. Kb4 Ke7
33. Rc7+ Kf6 34. Kc5 Rd5+ 35. Kc6 Rf5 36. f3 g4 37. e4 gxf3 38. gxf3 Rxf3 39.
d5 exd5 40. exd5 Rf2 1/2-1/2

[Event "24th NATO Chess Championship"]
[Site "Rynia"]
[Date "2013.08.16"]
[Round "7.22"]
[White "Mottais, Francois"]
[Black "Ulusoy, Mustafa"]
[Result "1-0"]
[WhiteElo "2055"]
[BlackElo "1696"]
[PlyCount "95"]
[EventDate "2013.08.??"]
[EventType "swiss"]
[EventRounds "7"]
[EventCountry "POL"]
[WhiteTeam "FRA"]
[BlackTeam "NATO"]
[WhiteTeamCountry "FRA"]

1. d4 d5 2. c4 Nf6 3. cxd5 Qxd5 4. Nc3 Qd8 5. Nf3 Bf5 6. Qb3 b6 7. g3 e6 8. Bg2
Nbd7 9. Bg5 Be7 10. Ne5 Nxe5 11. dxe5 Nd5 12. Bxe7 Qxe7 13. e4 Nxc3 14. exf5
Nd5 15. fxe6 fxe6 16. Bxd5 exd5 17. Qxd5 Rd8 18. Qc6+ Kf7 19. O-O Qxe5 20. Rfe1
Qd6 21. Qf3+ Qf6 22. Qb3+ Kf8 23. Re3 Qg6 24. Rf3+ Ke7 25. Re1+ Kd7 26. Qb5+
Kc8 27. Qa6+ Kb8 28. Ra3 Qc6 29. Qxa7+ Kc8 30. Rc3 Qb7 31. Qa4 Kb8 32. Re7 Rc8
33. Qc2 Rhe8 34. Qe2 Rxe7 35. Qxe7 Qd5 36. Qe3 Rd8 37. Qf3 Qd6 38. Ra3 c6 39.
Rb3 Kb7 40. Ra3 Rf8 41. Qe2 b5 42. Rd3 Qc5 43. Rd7+ Ka6 44. a4 Qc1+ 45. Kg2 Qc5
46. b4 Qxb4 47. axb5+ Qxb5 48. Qa2+ 1-0

[Event "24th NATO Chess Championship"]
[Site "Rynia"]
[Date "2013.08.16"]
[Round "7.24"]
[White "Kruit, Erik"]
[Black "Pazeriene, Diana"]
[Result "1/2-1/2"]
[WhiteElo "2011"]
[BlackElo "2025"]
[PlyCount "41"]
[EventDate "2013.08.??"]
[EventType "swiss"]
[EventRounds "7"]
[EventCountry "POL"]
[WhiteTeam "NED"]
[BlackTeam "LTU"]
[WhiteTeamCountry "NED"]
[BlackTeamCountry "LTU"]

1. Nf3 Nf6 2. g3 d5 3. Bg2 c5 4. O-O Nc6 5. d3 e5 6. e4 Be7 7. Nc3 O-O 8. exd5
Nxd5 9. Nxd5 Qxd5 10. Ng5 Qd8 11. Ne4 Be6 12. Be3 Qb6 13. a3 Nd4 14. b4 cxb4
15. axb4 f5 16. Nc5 Bxc5 17. bxc5 Qxc5 18. Bxb7 Rab8 19. Bg2 f4 20. Bxd4 Qxd4
21. c3 1/2-1/2

[Event "24th NATO Chess Championship"]
[Site "Rynia"]
[Date "2013.08.16"]
[Round "7.26"]
[White "Akman, Serkan"]
[Black "Oltean, Gusztav"]
[Result "1-0"]
[WhiteElo "1948"]
[BlackElo "2084"]
[PlyCount "79"]
[EventDate "2013.08.??"]
[EventType "swiss"]
[EventRounds "7"]
[EventCountry "POL"]
[WhiteTeam "TUR"]
[BlackTeam "HUN"]
[WhiteTeamCountry "TUR"]
[BlackTeamCountry "HUN"]

1. Nf3 Nf6 2. c4 g6 3. b3 Bg7 4. Bb2 O-O 5. d4 d6 6. g3 Nbd7 7. Bg2 e5 8. Nc3
Ne8 9. dxe5 dxe5 10. e4 c5 11. h4 Nc7 12. Qd6 Ne6 13. O-O-O Re8 14. Qd3 Nd4 15.
h5 Nf8 16. hxg6 hxg6 17. Nxd4 exd4 18. Nd5 Ne6 19. f4 Nc7 20. e5 Be6 21. Nxc7
Qxc7 22. Be4 Qd7 23. Rh4 Rab8 24. Rdh1 Kf8 25. Ba3 b6 26. Rh7 Rec8 27. g4 Bxg4
28. Bxg6 fxg6 29. Qxg6 Be6 30. Rxg7 Qxg7 31. Qxe6 Re8 32. Qf5+ Kg8 33. Rh5 Qg1+
34. Kb2 Qf2+ 35. Kb1 Qf1+ 36. Bc1 Re7 37. Qg6+ Rg7 38. Qe6+ Rf7 39. Rg5+ Kh8
40. Qh6+ 1-0

[Event "24th NATO Chess Championship"]
[Site "Rynia"]
[Date "2013.08.16"]
[Round "7.27"]
[White "Hernandez, Albertryan"]
[Black "Dekker, Ard"]
[Result "1-0"]
[WhiteElo "2077"]
[BlackElo "1908"]
[PlyCount "61"]
[EventDate "2013.08.??"]
[EventType "swiss"]
[EventRounds "7"]
[EventCountry "POL"]
[WhiteTeam "USA"]
[BlackTeam "NED"]
[WhiteTeamCountry "USA"]
[BlackTeamCountry "NED"]

1. d4 Nf6 2. Nf3 d5 3. Bf4 c6 4. e3 Bg4 5. Be2 e6 6. O-O Bd6 7. Bxd6 Qxd6 8. c4
Bxf3 9. Bxf3 Nbd7 10. Nd2 O-O 11. Qc2 Rac8 12. Qb3 Rc7 13. Rfd1 Rfc8 14. e4
dxe4 15. Nxe4 Nxe4 16. Bxe4 Nf6 17. Bc2 Qf4 18. g3 Qd6 19. Qe3 a6 20. Rd2 Rd8
21. Rad1 Rcd7 22. a3 Qc7 23. h4 h6 24. b4 b6 25. Qf3 c5 26. bxc5 bxc5 27. d5
Qa5 28. g4 Kf8 29. g5 hxg5 30. hxg5 Ne8 31. dxe6 1-0

[Event "24th NATO Chess Championship"]
[Site "Rynia"]
[Date "2013.08.16"]
[Round "7.28"]
[White "Sari, Serdar"]
[Black "Kocur, Marc"]
[Result "1-0"]
[WhiteElo "2052"]
[BlackElo "1866"]
[PlyCount "79"]
[EventDate "2013.08.??"]
[EventType "swiss"]
[EventRounds "7"]
[EventCountry "POL"]
[WhiteTeam "TUR"]
[BlackTeam "BEL"]
[WhiteTeamCountry "TUR"]
[BlackTeamCountry "BEL"]

1. d4 f5 2. e4 fxe4 3. Nc3 Nf6 4. Bg5 Nc6 5. d5 Ne5 6. Qd4 Nf7 7. h4 c6 8.
O-O-O Qb6 9. Bxf6 gxf6 10. Qxe4 Qxf2 11. Nh3 Bh6+ 12. Kb1 Qe3 13. Qg4 d6 14.
Qa4 Bd7 15. Be2 b5 16. Qa6 Qb6 17. Qxb6 axb6 18. dxc6 Bxc6 19. Bxb5 Bxb5 20.
Nxb5 Ra4 21. Rhe1 Ne5 22. Nd4 Rg8 23. b3 Rxd4 24. Rxd4 Rxg2 25. Nf4 Rh2 26. Nd5
Kd8 27. Ra4 f5 28. Nxb6 f4 29. Ra8+ Kc7 30. Nd5+ Kb7 31. Re8 f3 32. Rxe7+ Ka6
33. Re6 Re2 34. Rf1 f2 35. Rxf2 Rxf2 36. Rxd6+ Ka5 37. Rxh6 Nf3 38. Rxh7 Nd4
39. Rc7 Nb5 40. Rc5 1-0

[Event "24th NATO Chess Championship"]
[Site "Rynia"]
[Date "2013.08.16"]
[Round "7.29"]
[White "Deneyer, Frank"]
[Black "Prevot, Jean Luc"]
[Result "0-1"]
[WhiteElo "1825"]
[BlackElo "2027"]
[PlyCount "60"]
[EventDate "2013.08.??"]
[EventType "swiss"]
[EventRounds "7"]
[EventCountry "POL"]
[WhiteTeam "NATO"]
[BlackTeam "FRA"]
[BlackTeamCountry "FRA"]

1. f4 Nf6 2. Nf3 g6 3. b3 Bg7 4. Bb2 O-O 5. Nc3 d6 6. d3 Bg4 7. e4 e5 8. fxe5
dxe5 9. Be2 Nbd7 10. Qd2 c5 11. O-O Nh5 12. Nd5 f5 13. Ne1 Bxe2 14. Qxe2 f4 15.
Qg4 Re8 16. c4 Nf8 17. Qe2 Nf6 18. a3 N6d7 19. b4 b6 20. Rb1 g5 21. Qh5 h6 22.
h4 Re6 23. hxg5 hxg5 24. Qe2 Rg6 25. g3 Rc8 26. Rf2 Qe8 27. Qg4 Nh7 28. gxf4
Nhf6 29. Qf5 gxf4+ 30. Qxg6 Qxg6+ 0-1

[Event "24th NATO Chess Championship"]
[Site "Rynia"]
[Date "2013.08.16"]
[Round "7.30"]
[White "Giedraitis, Mingaudas"]
[Black "Wells, Daniel J"]
[Result "0-1"]
[WhiteElo "1817"]
[BlackElo "2023"]
[PlyCount "80"]
[EventDate "2013.08.??"]
[EventType "swiss"]
[EventRounds "7"]
[EventCountry "POL"]
[WhiteTeam "LTU"]
[BlackTeam "ENG"]
[WhiteTeamCountry "LTU"]
[BlackTeamCountry "ENG"]

1. e4 c5 2. Nf3 Nc6 3. Bb5 g6 4. O-O Bg7 5. Re1 e5 6. c3 Nge7 7. Na3 O-O 8. Nc2
d5 9. exd5 Qxd5 10. Ne3 Qd6 11. h3 a6 12. Bf1 b5 13. a4 Rb8 14. axb5 axb5 15.
Qc2 f5 16. d3 Kh8 17. Bd2 Nd5 18. Nxd5 Qxd5 19. Rad1 Bb7 20. Be3 Qd6 21. Qb3
Ne7 22. Qa3 b4 23. Qa5 Rfc8 24. Nd2 Ra8 25. Nc4 Qd7 26. Nb6 Qd8 27. Qb5 Ba6 28.
Qd7 Qxb6 29. Qxe7 Ra7 30. Bxc5 Qxc5 31. Qe6 bxc3 32. d4 Qc6 33. Qb3 Bxf1 34.
Kxf1 exd4 35. bxc3 dxc3 36. Rc1 Rac7 37. Re2 Qc4 38. Qb6 Re7 39. Rcc2 Rxe2 40.
Rxe2 c2 0-1